| 000 -LEADER |
| fixed length control field |
00473cam a22001577a 4500 |
| 008 - FIXED-LENGTH DATA ELEMENTS--GENERAL INFORMATION |
| fixed length control field |
180718b1960 xxu||||| |||| 00| 0 eng d |
| 082 ## - DEWEY DECIMAL CLASSIFICATION NUMBER |
| Classification number |
A6x54 ox2/1 |
| 245 ## - TITLE STATEMENT |
| Title |
South Asian Affairs: number one |
| Statement of responsibility, etc. |
edited by Raghavan Iyer |
| 260 ## - PUBLICATION, DISTRIBUTION, ETC. |
| Place of publication, distribution, etc. |
London |
| Name of publisher, distributor, etc. |
Chatto & Windus |
| Date of publication, distribution, etc. |
1960 |
| 300 ## - PHYSICAL DESCRIPTION |
| Extent |
155p. |
| 500 ## - GENERAL NOTE |
| General note |
St Anthony's papers. number 8 |
| 650 ## - SUBJECT ADDED ENTRY--TOPICAL TERM |
| Topical term or geographic name entry element |
Sri Lanka. |
| 650 ## - SUBJECT ADDED ENTRY--TOPICAL TERM |
| Topical term or geographic name entry element |
India. [from old catalog] |
| 650 ## - SUBJECT ADDED ENTRY--TOPICAL TERM |
| Topical term or geographic name entry element |
Pakistan. [from old catalog] |
| 700 ## - ADDED ENTRY--PERSONAL NAME |
| Personal name |
Iyer, Raghavan ed. |